| 000 | 00957cam a22002414a 4500 | ||
|---|---|---|---|
| 001 | 12829589 | ||
| 005 | 20250322141516.0 | ||
| 008 | 020624s2003 enka b 001 0 eng | ||
| 020 | _a0333980883 (cloth) | ||
| 020 | _a0333980891 (pbk.) | ||
| 050 | 0 | 0 |
_aHD82 _b.T48 2003 |
| 082 | 0 | 0 |
_a338.9/009172/4 _221 |
| 100 | 1 | _aThirlwall, A. P. | |
| 245 | 1 | 0 |
_aGrowth and development, with special reference to developing economies / _cA.P. Thirlwall. |
| 250 | _a7th ed. | ||
| 260 |
_aHoundmills, Basingstoke, Hampshire ; _aNew York : _bPalgrave Macmillan, _c2003. |
||
| 300 |
_axxvii, 816 p. : _bill. ; _c24 cm. |
||
| 650 | 0 | _aEconomic development. | |
| 856 | 4 | 2 |
_3Contributor biographical information _uhttp://www.loc.gov/catdir/bios/hol052/2002026763.html |
| 856 | 4 | 2 |
_3Publisher description _uhttp://www.loc.gov/catdir/description/hol031/2002026763.html |
| 856 | 4 | 1 |
_3Table of contents _uhttp://www.loc.gov/catdir/toc/hol031/2002026763.html |
| 942 |
_2lcc _cBK _n0 |
||
| 999 |
_c5095 _d5095 |
||